Localiza la ciudad latinamericana en un mapa - Estadísticas

Estadísticas generales
  • Esta prueba ha sido intentada 91 veces
  • La puntuación promedio es 15 de 24
Respuestas en el mapa
Las respuestas están codificadas por una escala verde-roja en el mapa de la prueba según el % correcto abajo.
 
Estadísticas de respuestas
Respuesta % Correcto
Montevideo
87%
Cancún
81%
Ciudad de Panamá
81%
Asunción
78%
Buenos Aires
76%
Cali
76%
Guayaquil
72%
Lima
72%
La Habana
70%
Punta Cana
69%
Guadalajara
67%
Río de Janeiro
63%
Ushuaia
63%
Barranquilla
59%
Santa Cruz de la Sierra
59%
Antofagasta
54%
Ciudad Juárez
50%
Manaos
50%
San Pedro Sula
46%
Barquisimeto
43%
Cabo San Lucas
39%
Recife
37%
San Carlos de Bariloche
35%
Concepción (de María Purísima del Nuevo Extremo)
22%
No se encontraron pruebas coincidentes
Distribución de puntuación
Porcentaje de gente con cada puntuación
Porcentaje por número respondido
Historial de tus puntuaciones
No has intentado esta prueba.